Corrosion engineering (Record no. 1267)

000 -LEADER
fixed length control field 00569nam a22002177a 4500
001 - CONTROL NUMBER
control field 1267
003 - CONTROL NUMBER IDENTIFIER
control field BD-DhUET
008 - FIXED-LENGTH DATA ELEMENTS--GENERAL INFORMATION
fixed length control field 140902b xxu||||| |||| 00| 0 eng d
020 ## - INTERNATIONAL STANDARD BOOK NUMBER
International Standard Book Number 9789848725085
040 ## - CATALOGING SOURCE
Transcribing agency 0
Modifying agency BD-DhUET
082 ## - DEWEY DECIMAL CLASSIFICATION NUMBER
Classification number 620.1122
Item number NOO/2009
100 ## - MAIN ENTRY--PERSONAL NAME
Personal name Nooruddin Ahmed
245 ## - TITLE STATEMENT
Title Corrosion engineering
Remainder of title an introductory text
250 ## - EDITION STATEMENT
Edition statement 1st ed.
260 ## - PUBLICATION, DISTRIBUTION, ETC. (IMPRINT)
Place of publication, distribution, etc. Dhaka
Name of publisher, distributor, etc. N. Ahmed and I. Mahmud
Date of publication, distribution, etc. 2009
300 ## - PHYSICAL DESCRIPTION
Extent xviii, 261 p.
504 ## - BIBLIOGRAPHY, ETC. NOTE
Bibliography, etc Includes bibliographies
650 #0 - SUBJECT ADDED ENTRY--TOPICAL TERM
Topical term or geographic name as entry element Corrosion and anti-Corrosion
700 ## - ADDED ENTRY--PERSONAL NAME
Personal name Iqbal Mahmud
942 ## - ADDED ENTRY ELEMENTS (KOHA)
Koha item type General Book
Holdings
Piece designation (barcode) Damaged status Price effective from Sublocation or collection (holding branch) Copy number Koha issues (times borrowed) Koha date last seen Shelving location Koha item type Koha date last borrowed Koha normalized classification for sorting Location (home branch) Not for loan Withdrawn status Lost status Source of classification or shelving scheme Date acquired Koha full call number
107513 2014-09-02Central Library, BUET822021-08-28Circulation sectionGeneral Book2021-08-28620_000000000000000_1122NOO200Central Library, BUET    2014-09-02620.1122/NOO/2009
107507 2014-09-02Central Library, BUET8252021-09-06Circulation sectionGeneral Book2021-09-06620_000000000000000_1122NOO200Central Library, BUET    2014-09-02620.1122/NOO/2009
107508 2014-09-02Central Library, BUET812021-08-28Circulation sectionGeneral Book2021-08-28620_000000000000000_1122NOO200Central Library, BUET    2014-09-02620.1122/NOO/2009
107506 2014-09-02Central Library, BUET 12021-08-28Circulation sectionGeneral Book2021-08-28620_000000000000000_1122NOO200Central Library, BUET    2014-09-02620.1122/NOO/2009
107512 2014-09-02Central Library, BUET 12021-08-28Circulation sectionGeneral Book2021-08-28620_000000000000000_1122NOO200Central Library, BUET    2014-09-02620.1122/NOO/2009
107509 2014-09-02Central Library, BUET 52026-05-19Circulation sectionGeneral Book2025-12-01620_000000000000000_1122NOO200Central Library, BUET    2014-09-02620.1122/NOO/2009
107505 2014-09-02Central Library, BUET 382024-10-21Circulation sectionGeneral Book2024-10-21620_000000000000000_1122NOO200Central Library, BUET    2014-09-02620.1122/NOO/2009
107511 2014-09-02Central Library, BUET 12021-08-28Circulation sectionGeneral Book2021-08-28620_000000000000000_1122NOO200Central Library, BUET    2014-09-02620.1122/NOO/2009
107504 2014-09-02Central Library, BUET 12021-08-28Circulation sectionGeneral Book2021-08-28620_000000000000000_1122NOO200Central Library, BUET    2014-09-02620.1122/NOO/2009
107510 2018-04-28Central Library, BUET112021-08-28Circulation sectionGeneral Book2021-08-28620_112200000000000_NOO_2009Central Library, BUET    2010-01-13620.1122/NOO/2009